000 00616nam a22002057a 4500
005 20240320104845.0
010 _aENG-139689
020 _a9789354423147
_c1315.00
035 _aEN-123221
037 _bDBAD/PUB
082 _aN
_21
100 _aVolga
_963594
245 _aThe Sickle & the Scalpel/
_cBy Volga
250 _a1
260 _aHyderabad
_bOrient Blackswan Private Ltd
_c2022
270 _a3-6-752, Himayatnagar
_bHyderabad
_e500029
_minfo@orintblackswan.com
300 _axi,290p.
_c21cm(pbk)
500 _aTranslated From the Original Telugu By Vasantha Kannbiran
942 _2ddc
_hN
_cEN
_mVOG
_e1
999 _c201608
_d201608